000 00509nam a22001697a 4500
005 20251108164643.0
008 250721s1992 xx 000 0 ara d
082 1 4 _a232.9/وصف
100 1 _aوصفي، محمد
245 1 0 _aالمسيح عليه السلام بين الحقائق و الأوهام /
264 1 _aالقاهرة :
_bدار الفضيله،
_c1992.
300 _a203ص.
650 1 7 _aالمسيح
650 1 7 _aالديانات المقارنة
942 _2ddc
_cBK
999 _c11005
_d11005